000 00632nam a2200253Ia 4500
005 20260121161047.0
008 008 260114s9999 xx 000 0 eng d
020 _a9781315249544
037 _aEBOOK
040 _aCRL
040 _beng
040 _cCRL
041 _2eng
041 _aeng
084 _qCRL
100 _a Matthew Biberman
_91039720
245 0 _aMasculinity, Anti-Semitism and Early Modern English Literature
260 _bTaylor and Francis
260 _c2004
856 _uhttp://www.taylorfrancis.com/books/9781315249544
942 _cEBOOK
999 _c1606536
_d1606536